O mundo das calcadas: por uma política democrática de espacos públicos /

Detalles Bibliográficos
Autor principal: Yazigi, Eduardo
Formato: Libro
Publicado: Sao Paulo : Humanitas/FFLCH/USP, 2000.
Materias:
Etiquetas: Agregar Etiqueta
Sin Etiquetas, Sea el primero en etiquetar este registro!

MARC

LEADER 00000nam a22000004a 4500
001 AR-BbUGT4226
003 AR-BbUGT
005 20181220001844.0
007 ta
008 061101t2000 ||| |0|||0| d
020 |a 85-86087-99-8 
040 |a AR-BbUGT  |b spa  |c AR-BbUGT 
082 0 4 |a 711.4 
100 1 |a Yazigi, Eduardo. 
245 1 2 |a O mundo das calcadas:   |b por uma política democrática de espacos públicos /   |c Eduardo Yázigi. 
260 |a Sao Paulo :   |b Humanitas/FFLCH/USP,   |c 2000. 
300 |a 548 p. 
504 |a Bibliografía: p. 501-523. 
653 |a Geografía Urbana 
653 |a Paisaje Urbano 
942 |c BK  |h 711.4  |i Y29  |2 ddc  |6 711_400000000000000_Y29 
999 |c 11527  |d 11527